La cuestión de los ríos africanos y la Conferencia de Berlín (Registro nro. 166504)

Detalles MARC
000 -LEADER
campo de control de longitud fija 01167nam a22002535i 4500
001 - NÚMERO DE CONTROL
campo de control 166504
003 - IDENTIFICADOR DE NÚMERO DE CONTROL
campo de control ES-MaACL
005 - FECHA Y HORA DE LA ÚLTIMA TRANSACCIÓN
campo de control 20260209164514.0
008 - DATOS DE LONGITUD FIJA--INFORMACIÓN GENERAL
campo de control de longitud fija 010920s1885 sp ab |||| | spa d
080 ## - NÚMERO DE LA CLASIFICACIÓN DECIMAL UNIVERSAL
Número de la Clasificación Decimal Universal 325.3(6)"18"
080 ## - NÚMERO DE LA CLASIFICACIÓN DECIMAL UNIVERSAL
Número de la Clasificación Decimal Universal 341.222(6)"18"
100 1# - ENTRADA PRINCIPAL--NOMBRE DE PERSONA
Nombre de persona Torres Campos, Rafael,
Fechas asociadas al nombre 1853-1904
9 (RLIN) 110935
245 13 - MENCIÓN DEL TÍTULO
Título La cuestión de los ríos africanos y la Conferencia de Berlín
Resto del título : conferencia pronunciada en la Sociedad Geográfica de Madrid /
Mención de responsabilidad, etc. por Rafael Torres Campos.
260 ## - PUBLICACIÓN, DISTRIBUCIÓN, ETC.
Lugar de publicación, distribución, etc. Madrid :
Nombre del editor, distribuidor, etc. [s.n.],
Fecha de publicación, distribución, etc. 1885 (
Fabricante Imp. de la Revista de Legislación, a cargo de M. Ramos)
300 ## - DESCRIPCIÓN FÍSICA
Extensión 63 p., [1] h. pleg. de mapa ;
Dimensiones 21 cm.
530 ## - NOTA DISPONIBLE DE FORMULARIO FÍSICO ADICIONAL
Nota de formato físico adicional disponible Disponible en formato digital.
599 ## - NOTA A LAS ILUSTRACIONES
NOTA A LAS ILUSTRACIONES La h. de mapa: "Gº por J. Pajares", al final del texto.
611 24 - PUNTO DE ACCESO ADICIONAL DE MATERIA--NOMBRE DE REUNIÓN/CONGRESO
Nombre de congreso/reunión o jurisdicción como elemento de entrada Conferencia de Berlín.
Fecha del congreso o de la firma del tratado 1884-1885)
9 (RLIN) 145959
651 #7 - PUNTO DE ACCESO ADICIONAL DE MATERIA--NOMBRE GEOGRÁFICO
Nombre geográfico África-
Subdivisión general Colonización-
Subdivisión cronológica S.XIX
Fuente del encabezamiento o término
9 (RLIN) 145960
710 2# - ENTRADA AGREGADA--NOMBRE DE ENTIDAD CORPORATIVA
Nombre de entidad corporativa o nombre de jurisdicción como elemento de entrada Sociedad Geográfica de Madrid.
9 (RLIN) 6775
852 ## - LOCALIZACIÓN
Ubicación ES-MaACL
Número de control de estantería T-367-F-18
Nota libre - Enc. hol., falto de cub. original
-- - Enc. en un vol. facticio
856 ## - LOCALIZACIÓN Y ACCESO ELECTRÓNICOS
Identificador Uniforme de Recursos <a href="http://bdh-rd.bne.es/viewer.vm?id=0000108694&page=1 ">http://bdh-rd.bne.es/viewer.vm?id=0000108694&page=1 </a>
Nota pública Biblioteca Digital Hispánica
Existencias
Estatus retirado Estado de pérdida Estado de daño No para préstamo Colección Biblioteca de origen Biblioteca actual Ubicación en estantería Fecha de adquisición Total de préstamos Signatura topográfica completa Código de barras Visto por última vez Precio de reemplazo Tipo de ítem Koha
        Colección de folletos Biblioteca del Ateneo de Madrid Biblioteca del Ateneo de Madrid Depósito folletos 17/01/2008   T-367-F-18 1174631 23/02/2023 23/02/2023 Folleto